000 00785nam a22002297a 4500
003 UA-OsUOA
001 50568
007 ta
008 20140618b un ||||| |||| 00| 0 ukr d
090 _a82-6
_bВ68
942 _cBK
040 _aUA-OsUOA
_bukr
_cUA-OsUOA
_dUA-OsUOA
245 _aВолодимир Винниченко - Розалія Ліфшиць: епістолярний діалог (1911-1918 роки)
_cупор. Н. Миронець
300 _a288 с.
955 _a4
041 _aukr
080 _a82-6
260 _aДрогобич
_bКоло
_c2012
650 7 _a82 Література. Літературознавство
_2UDC
999 _c430695
_d430695